=LDR 00000nam 2200000 4500 =001 INLIS000000000038935 =005 20130612144607 =008 ***********************************ind** =035 ##$$0010-061300000038935 =041 ##$$a ind =082 ##$$a 813 =090 ##$$a 813, Yul s =100 ##$$a YULIARTHA, Erike =245 ##$$a Salam cinta dari negara dan cerita pendek lainnya, Erika yuliartha =260 ##$$a 2010 $b Malang =300 ##$$a Xii,140 Hlm, Ilus, 20 cm =650 ##$$a FIKSI =850 ##$$a NBPNMAT